World climatic systems /

Bibliographic Details
Main Author: Lockwood, John George
Format: Book
Language:English
Published: London : Edward Arnold, 1985.
Subjects:

MARC

Tag First Indicator Second Indicator Subfields
LEADER 00000cam a2200000 a 4500
001 in00000577192
005 20151014060253.0
008 850422s1985 enkab b 00110 eng d
010 |a  84071799  
020 |a 0713164042 
035 |a (OCoLC)11947503 
035 |9 ACM7135AM 
040 |a BMT  |c BMT  |d DGW  |d TXA  |d UtOrBLW 
049 |a TXAM  |c [A09183551] 
090 |a QC981  |b .L64 1985 
092 |a 551.6  |b L81wo 
100 1 |a Lockwood, John George. 
245 1 0 |a World climatic systems /  |c John G. Lockwood. 
264 1 |a London :  |b Edward Arnold,  |c 1985. 
300 |a viii, 292 pages :  |b illustrations, maps ;  |c 24 cm. 
336 |a text  |b txt  |2 rdacontent 
337 |a unmediated  |b n  |2 rdamedia 
338 |a volume  |b nc  |2 rdacarrier 
504 |a Includes bibliographies and index. 
650 0 |a Climatology. 
999 |a MARS 
999 f f |s 2a44e587-6d2b-3ddd-8bc4-595a91b6713f  |i e5558d07-6d83-34ef-99c2-7fb7ce751e6f  |t 0 
952 f f |p normal  |a Texas A&M University  |b Galveston Campus  |c Jack K. Williams Library  |d Galveston Stacks  |t 0  |e QC981 .L622 1985  |h Library of Congress classification  |i unmediated -- volume  |m 33620000472395 
952 f f |p normal  |a Texas A&M University  |b College Station  |c Sterling C. Evans Library  |d Evans: Library Stacks  |t 0  |e QC981 .L64 1985  |h Library of Congress classification  |i unmediated -- volume  |m A14809183551 
998 f f |a QC981 .L622 1985  |t 0  |l Galveston Stacks 
998 f f |a QC981 .L64 1985  |t 0  |l Evans: Library Stacks